| 000 | 00000nam 2200000zi 4500 |
| 001 | 9.901835 |
| 003 | CaOODSP |
| 005 | 20250915080531 |
| 006 | m o d f |
| 007 | cr cn||||||||| |
| 008 | 210720s2020 onc ob f000 0 eng d |
| 040 | |aCaOODSP|beng|erda|cCaOODSP |
| 043 | |an-cn--- |
| 086 | 1 |aRv55-8/19-12-1-2020E-PDF |
| 245 | 00|aImportation of vehicles. |
| 250 | |a[August 13, 2020 edition]. |
| 264 | 1|aOttawa : |bCanada Border Services Agency = Agence des services frontaliers du Canada, |c2020. |
| 300 | |a1 online resource (30 pages). |
| 336 | |atext|btxt|2rdacontent |
| 337 | |acomputer|bc|2rdamedia |
| 338 | |aonline resource|bcr|2rdacarrier |
| 490 | 1 |aMemorandum, |x2369-2391 ; |vD19-12-1 |
| 500 | |aIssued also in French under title: Importation de véhicules. |
| 500 | |a"Ottawa, August 13, 2020." |
| 500 | |a"Superseded Memorandum D, D19-12-1 dated August 14, 2019." |
| 504 | |aIncludes bibliographical references. |
| 520 | |a"This memorandum has been updated to: Replace the repealed Schedule VII with the Declaration to Import Non-compliant Vehicles Temporarily for Special purposes and explain new allowances. Sample specimens of Declaration added. Explain the Registrar or Imported Vehicles’ (RIV) expanded mandate which now allows for certain classes of used vehicles to be imported from Mexico on certain conditions. Removal of Transport Canada’s Designated Canada Border Services (CBSA) offices recently repealed from the Motor Vehicle Safety Regulations (MVSR). Clarify the handling of Appendix G importation Certificates of Origins (COO) showing the name of a dealer as the recipient. BSOs are no longer required to facilitate RIV payment at the border. Appendices now indicate importer has to contact the RIV to make a payment"--In brief. |
| 650 | 0|aMotor vehicles|xLaw and legislation|zCanada. |
| 650 | 0|aImports|xLaw and legislation|zCanada. |
| 710 | 2 |aCanada Border Services Agency, |eissuing body. |
| 775 | 08|tImportation de véhicules.|w(CaOODSP)9.901843 |
| 794 | |tImportation of vehicles.|b[March 2, 2022 edition]|w(CaOODSP)9.911649 |
| 795 | |tImportation of vehicles.|b[August 14, 2019 edition]|w(CaOODSP)9.879252 |
| 830 | #0|aMemorandum (Canada Border Services Agency)|vD19-12-1.|w(CaOODSP)9.816825 |
| 856 | 40|qPDF|s639 KB|uhttps://publications.gc.ca/collections/collection_2021/asfc-cbsa/Rv55-8-19-12-1-2020-eng.pdf |